Pensionno osigurjavane - njakoi problemi i nasoki za negovoto usavaršenstvane.

Zdokonalenie starobného dôchodkového poistenia ako jedna z hlavných úloh sociálnej politiky. Možnosti nepriameho ekonomického stimulovania pracujúcich prostredníctvom podmienok určovania dôchodkov, ich diferenciáciou a zosúladením s pracovnými odmenami. Zdôvodnenie relatívne pozitívneho ekonomického...

ver descrição completa

Na minha lista:
Detalhes bibliográficos
Autor principal: Mončeva, T.
Formato: Capítulo de Livro
Idioma:búlgaro
Assuntos:
Tags: Adicionar Tag
Sem tags, seja o primeiro a adicionar uma tag!

MARC

LEADER 00000naa a2200000 4500
001 r003341
005 20220819194439.7
041 0 |a bul 
044 |a BG 
245 1 0 |a Pensionno osigurjavane - njakoi problemi i nasoki za negovoto usavaršenstvane.  |c T. Mončeva 
520 |a Zdokonalenie starobného dôchodkového poistenia ako jedna z hlavných úloh sociálnej politiky. Možnosti nepriameho ekonomického stimulovania pracujúcich prostredníctvom podmienok určovania dôchodkov, ich diferenciáciou a zosúladením s pracovnými odmenami. Zdôvodnenie relatívne pozitívneho ekonomického efektu zamestnanosti dôchodcov. Návrhy na financovanie dôchodkového fondu. 
610 2 0 |a zabezpečenie dôchodkové 
610 2 0 |a dôchodky starobné 
610 2 0 |a politika sociálna 
610 2 0 |a stimuly ekonomické 
610 2 0 |a dôchodcovia 
610 2 0 |a zamestnanosť 
610 2 0 |a BR 
100 1 |a Mončeva, T.